[Event "Charleroi op 2nd"]
[Site "Charleroi"]
[Date "2003.08.27"]
[Round "6.42"]
[White "Azzoug, Samir"]
[Black "Baert, Yves"]
[Result "1/2-1/2"]
[WhiteElo "1377"]
[BlackElo "1466"]
[PlyCount "31"]
[EventDate "2003.08.23"]
[EventType "swiss"]
[EventRounds "9"]
[EventCountry "BEL"]
[SourceTitle "EXT 2004"]
[Source "ChessBase"]
[SourceDate "2003.11.25"]
[SourceVersion "1"]
[SourceVersionDate "2003.11.25"]
[SourceQuality "1"]

1. e4 c6 2. d4 d5 3. Nc3 dxe4 4. Nxe4 Bf5 5. Ng3 Bg6 6. h4 h5 7. Nf3 Nd7 8. Bd3 Bxd3 9. Qxd3 e6 10. Bd2 Be7 11. 0-0-0 Ngf6 12. Ng5 Nd5 13. Qf3 N7f6 14. Kb1 a5 15. N5e4 b5 16. Rhe1 1/2-1/2